[Event "Hofmann Cup"]
[Site "Baden-Baden GER"]
[Date "1995.??.??"]
[Round "4"]
[White "Hickl, Joerg"]
[Black "Karpov, Anatoly"]
[Result "1/2-1/2"]
[WhiteElo "2535"]
[BlackElo "2765"]
[PlyCount "68"]
[EventDate "1995.??.??"]
[Source "www.chesslib.no"]
[SourceDate "2004.05.04"]

1. g3 Nf6 2. Bg2 d5 3. Nf3 c6 4. b3 Bg4 5. Bb2 e6 6. O-O Nbd7 7. c4 Be7 8. d3 O-O 9. Nbd2 a5 10. a3 Re8 11. Qc2 Bd6 12. h3 Bxf3 13. Nxf3 e5 14. e4 dxe4 15. dxe4 Qe7 16. Rfe1 b6 17. h4 Ng4 18. Bh3 Ndf6 19. Bxg4 Nxg4 20. Nh2 Nxh2 21. Kxh2 Rad8 22. a4 Bb4 23. Red1 Bc5 24. Kg2 f6 25. Rxd8 Rxd8 26. Rd1 Rd6 27. Qe2 g6 28. h5 Rxd1 29. Qxd1 Kf7 30. Bc1 Qd6 31. Qf3 Kg7 32. hxg6 hxg6 33. Be3 Bxe3 34. Qxe3 c5 1/2-1/2

[Event "Romania 87/3"]
[Site "?"]
[Date "2003.??.??"]
[Round "?"]
[White "Nisipeanu, L._D."]
[Black "Motylev, A."]
[Result "1-0"]
[WhiteElo "2606"]
[BlackElo "2634"]
[PlyCount "143"]
[EventDate "2003.??.??"]
[Source "Chess Informant"]
[SourceDate "2003.02.01"]

1. c4 Nf6 2. Nf3 c6 3. b3 d5 4. Bb2 Bg4 5. e3 e6 6. Be2 Nbd7 7. O-O h6 8. d3 Be7 9. Nbd2 O-O 10. a3 a5 11. h3 Bf5 12. Qb1 Bh7 13. Rc1 Qb8 14. Bc3 e5 15. Qb2 Bd6 16. b4 Re8 17. Bf1 c5 18. cxd5 axb4 19. axb4 Rxa1 20. Rxa1 cxb4 21. Bxb4 Bxb4 22. Qxb4 Nxd5 23. Qb5 N7f6 24. e4 Nc7 25. Qb2 Nd7 26. Nc4 f6 27. Rb1 Ne6 28. Qxb7 Qxb7 29. Rxb7 Ndc5 30. Rb6 Nf4 31. Rd6 Rc8 32. g3 Nfe6 33. h4 Kf7 34. Bh3 Ke7 35. d4 exd4 36. Nxd4 Nxd4 37. Bxc8 Nf3+ 38. Kf1 Bg8 39. Rd5 Bxd5 40. exd5 Ne4 41. Ne3 Nd4 42. Bh3 g5 43. h5 Nd6 44. f4 gxf4 45. gxf4 f5 46. Ke1 Ne4 47. Bxf5 Nf6 48. Bg6 Kd6 49. Bf7 Ke7 50. Bg6 Kd6 51. Kd2 Nxd5 52. Nxd5 Kxd5 53. Kd3 Nb5 54. Bf7+ Kc5 55. Bg8 Nd6 56. Bb3 Kb4 57. Bd5 Kc5 58. Bf3 Nf5 59. Ke4 Nh4 60. Bg4 Kd6 61. Bh3 Ke7 62. Ke3 Kd6 63. Kf2 Kd5 64. Kg3 Ke4 65. Bg4 Nf5+ 66. Bxf5+ Kxf5 67. Kf3 Kf6 68. Ke4 Ke6 69. f5+ Kf7 70. Ke5 Ke7 71. f6+ Kf8 72. Kf4 1-0

[Event "Masters Playoff 5'"]
[Site "Masters Playoff 5'"]
[Date "1995.??.??"]
[Round "1"]
[White "Lobron, Eric"]
[Black "Sokolov, Ivan"]
[Result "0-1"]
[WhiteElo "2575"]
[BlackElo "2645"]
[PlyCount "74"]
[EventDate "1995.??.??"]
[Source "www.chesslib.no"]
[SourceDate "2004.05.04"]

1. Nf3 Nf6 2. g3 d5 3. Bg2 c6 4. O-O Bg4 5. b3 Nbd7 6. Bb2 e6 7. c4 Be7 8. d3 O-O 9. Na3 a5 10. Nc2 b5 11. Nfd4 Qb6 12. cxb5 cxb5 13. h3 Bh5 14. Rc1 Rfc8 15. Qd2 a4 16. b4 Bg6 17. a3 e5 18. Nf3 d4 19. Nh4 Rab8 20. Ne1 Rxc1 21. Qxc1 Ne8 22. Nxg6 hxg6 23. Qc6 Qxc6 24. Bxc6 Ndf6 25. Nf3 Bd6 26. Ng5 Nc7 27. Rc1 Kf8 28. Bf3 Ke7 29. Rc2 Ne6 30. Nxe6 Kxe6 31. Rc6 Kd7 32. Bc1 e4 33. Rxd6+ Kxd6 34. Bf4+ Ke6 35. Bxb8 exf3 36. exf3 Nd7 37. Kf1 Nxb8 0-1

[Event "Baden-Baden"]
[Site "Baden-Baden"]
[Date "1992.??.??"]
[Round "4"]
[White "Lobron, Eric"]
[Black "Hertneck, Gerald"]
[Result "1-0"]
[WhiteElo "2625"]
[BlackElo "2560"]
[PlyCount "111"]
[EventDate "1992.12.??"]
[Source "ChessBase"]

1. Nf3 Nf6 2. g3 d5 3. Bg2 c6 4. b3 Bg4 5. Bb2 Nbd7 6. O-O e6 7. c4 Bd6 8. Na3 O-O 9. Nc2 Re8 10. Ne3 Bh5 11. d3 a5 12. a3 Bf8 13. Rb1 b5 14. Qc2 b4 15. a4 c5 16. Ne5 Nxe5 17. Bxe5 Nd7 18. Bb2 Nb6 19. f4 Ra7 20. Rbe1 f6 21. Bf3 Bxf3 22. Rxf3 Rae7 23. Ng4 Rd7 24. Nf2 Qa8 25. e4 dxc4 26. dxc4 Red8 27. Rd3 Rxd3 28. Nxd3 Nc8 29. Nf2 Ne7 30. Rd1 Nc6 31. Rxd8 Qxd8 32. Qd3 Qxd3 33. Nxd3 Kf7 34. Kf2 Bd6 35. e5 Be7 36. exf6 gxf6 37. g4 Kg6 38. Kf3 h5 39. h3 hxg4+ 40. hxg4 Bd6 41. Ke4 Ne7 42. f5+ exf5+ 43. gxf5+ Nxf5 44. Kd5 Be7 45. Nxc5 Ne3+ 46. Kc6 Kf5 47. Nb7 Ke6 48. Bd4 Nc2 49. Bf2 f5 50. Nxa5 Bf6 51. Nb7 Nd4+ 52. Bxd4 Bxd4 53. Nc5+ Ke7 54. a5 f4 55. Nd3 f3 56. c5 1-0

[Event "Leningrad"]
[Site "?"]
[Date "1987.??.??"]
[Round "?"]
[White "Vaganian, R."]
[Black "Georgiev, Kir"]
[Result "1/2-1/2"]
[WhiteElo "2590"]
[BlackElo "2590"]
[PlyCount "83"]
[EventDate "1987.??.??"]
[Source "ChessBase"]
[SourceDate "1987.01.01"]

1. Nf3 Nf6 2. g3 d5 3. Bg2 c6 4. O-O Bg4 5. c4 e6 6. d3 Nbd7 7. b3 Be7 8. Bb2 O-O 9. Nbd2 a5 10. a3 Nc5 11. Qc2 Nfd7 12. Rfc1 Bf6 13. b4 axb4 14. axb4 Rxa1 15. Rxa1 Na6 16. Rb1 Bxb2 17. Qxb2 Bxf3 18. Bxf3 b5 19. Ra1 Qb6 20. c5 Qb7 21. e4 h6 22. d4 Nf6 23. e5 Nd7 24. Bg4 Ra8 25. Nb3 Nf8 26. h4 Qd7 27. Qd2 Ng6 28. h5 Ne7 29. Bd1 Nc7 30. Rxa8+ Nxa8 31. Bc2 Nc7 32. Qd3 g6 33. g4 Qd8 34. Na5 Qf8 35. f3 Qg7 36. hxg6 Qxg6 37. Qc3 Qg5 38. Kf1 h5 39. gxh5 Qxh5 40. Ke2 Qh2+ 41. Kd1 Qg1+ 42. Kd2 1/2-1/2

[Event "New York op '60"]
[Site "?"]
[Date "1996.04.??"]
[Round "3"]
[White "Zaichik Gennadi"]
[Black "Chernin Alexander M"]
[Result "0-1"]
[WhiteElo "2540"]
[BlackElo "2595"]
[PlyCount "64"]
[EventDate "1996.??.??"]
[Source "www.chesslib.no"]
[SourceDate "2004.05.04"]

1. Nf3 d5 2. g3 Bg4 3. Bg2 Nd7 4. c4 e6 5. b3 c6 6. Bb2 Ngf6 7. O-O Be7 8. d3 O-O 9. Nbd2 Re8 10. Rc1 a5 11. a3 Bf8 12. h3 Bh5 13. Rc2 e5 14. cxd5 Nxd5 15. Qa1 N5b6 16. e4 Nc5 17. Nxe5 Nxd3 18. Nxd3 Qxd3 19. Qc1 f6 20. Re1 Bf7 21. Rc3 Qd8 22. Qc2 Bd6 23. Nf3 Qe7 24. Qc1 Rad8 25. e5 fxe5 26. Rce3 Nd7 27. Qa1 Bc5 28. R3e2 Bxb3 29. Nxe5 Nxe5 30. Rxe5 Qf8 31. Rxe8 Bxf2+ 32. Kh2 Rxe8 0-1

[Event "Lvov zt"]
[Site "Lvov"]
[Date "1978.??.??"]
[Round "14"]
[White "Kochyev, Alexander"]
[Black "Tseshkovsky, Vitaly"]
[Result "0-1"]
[WhiteElo "2555"]
[BlackElo "2570"]
[PlyCount "80"]
[EventDate "1978.04.??"]
[Source "ChessBase"]

1. Nf3 Nf6 2. g3 d5 3. Bg2 Bf5 4. O-O e6 5. c4 c6 6. b3 Be7 7. Bb2 O-O 8. d3 h6 9. Nbd2 Nbd7 10. a3 a5 11. Ra2 Bh7 12. Qa1 Qb6 13. Ne5 Nxe5 14. Bxe5 Rfd8 15. Nf3 Ne8 16. Bc3 Bf6 17. Rb1 Bxc3 18. Qxc3 dxc4 19. Qxc4 Nd6 20. Qc1 f6 21. Nd2 Qd4 22. Rc2 Qa7 23. b4 axb4 24. axb4 e5 25. Ne4 Nb5 26. Rcb2 Kh8 27. Nc3 Nd4 28. b5 Qa3 29. bxc6 bxc6 30. Ne4 f5 31. Nc5 f4 32. Kh1 Bf5 33. Rd2 Rdb8 34. Rxb8+ Rxb8 35. Rd1 Qxc1 36. Rxc1 Nxe2 37. Re1 Nd4 38. gxf4 exf4 39. Be4 Bh3 40. Bg6 f3 0-1

[Event "EU-chT (Men)"]
[Site "Pula"]
[Date "1997.??.??"]
[Round "8"]
[White "Hulak, Krunoslav"]
[Black "Gabriel, Christian"]
[Result "1/2-1/2"]
[WhiteElo "2525"]
[BlackElo "2570"]
[PlyCount "88"]
[EventDate "1997.05.05"]
[Source "ChessBase"]

1. g3 d5 2. Bg2 c6 3. Nf3 Nf6 4. b3 Bf5 5. Bb2 e6 6. c4 Nbd7 7. O-O h6 8. d4 Be7 9. Nc3 O-O 10. e3 Ne4 11. Nxe4 Bxe4 12. Qe2 a5 13. Bh3 a4 14. Nd2 Bg6 15. Bc3 Nf6 16. c5 b5 17. f3 Nh7 18. b4 f5 19. Rad1 Qd7 20. Bg2 Nf6 21. Nb1 Rae8 22. Na3 Bd8 23. Nc2 Bc7 24. Ne1 Qe7 25. Nd3 Nd7 26. e4 fxe4 27. fxe4 Nf6 28. e5 Bh5 29. Qe3 Ne4 30. Rc1 Rxf1+ 31. Kxf1 Bg6 32. Nf4 Bf5 33. Kg1 Rf8 34. Rf1 Bd8 35. Bb2 Qe8 36. h3 Bh7 37. Bc1 Bg5 38. Qe1 Bxf4 39. Bxf4 g5 40. Be3 Rxf1+ 41. Bxf1 Qf7 42. Be2 Kf8 43. a3 Ke8 44. Kg2 Bg6 1/2-1/2

[Event "Bonn Staudte Memorial"]
[Site "Bonn"]
[Date "1979.08.??"]
[Round "9"]
[White "Hecht, Hans-Joachim"]
[Black "Hort, Vlastimil"]
[Result "1/2-1/2"]
[WhiteElo "2490"]
[BlackElo "2600"]
[PlyCount "23"]
[EventDate "1979.??.??"]
[Source "www.chesslib.no"]
[SourceDate "2004.05.04"]

1. Nf3 Nf6 2. c4 c6 3. b3 d5 4. Bb2 Bg4 5. e3 e6 6. Be2 Bd6 7. O-O Nbd7 8. Nc3 O-O 9. cxd5 cxd5 10. h3 Bxf3 11. Bxf3 a6 12. Rc1 1/2-1/2

[Event "BL2-Sued 9900"]
[Site "Germany"]
[Date "2000.03.12"]
[Round "7.2"]
[White "Hickl, Joerg"]
[Black "Gyimesi, Zoltan"]
[Result "1/2-1/2"]
[WhiteElo "2552"]
[BlackElo "2531"]
[PlyCount "148"]
[EventDate "1999.10.??"]
[Source "ChessBase"]
[SourceDate "2000.05.11"]

1. g3 d5 2. Nf3 c6 3. Bg2 Bg4 4. b3 Nf6 5. Bb2 Nbd7 6. O-O e6 7. d3 Bd6 8. c4 O-O 9. Qc2 Re8 10. a3 a5 11. Nbd2 e5 12. h3 Bh5 13. e3 Rc8 14. Nh4 Nc5 15. b4 Na6 16. c5 Bb8 17. Rfe1 Nd7 18. Qb3 axb4 19. axb4 Nc7 20. Qc2 Nb5 21. Nb3 Bc7 22. e4 d4 23. Qc4 Nf8 24. Bf3 Bxf3 25. Nxf3 Qd7 26. Nbd2 Ra8 27. Qb3 Qe6 28. Qxe6 Nxe6 29. Nc4 f6 30. Nfd2 g5 31. Kg2 Kg7 32. Nf3 Kg6 33. h4 h6 34. Rh1 Rg8 35. hxg5 hxg5 36. Nh2 Rxa1 37. Rxa1 Rh8 38. Ng4 Kg7 39. Kf3 Kg6 40. Ke2 Kg7 41. Kd2 Kg6 42. Kc2 Kg7 43. Rg1 Kg6 44. Bc1 Kf7 45. Bd2 Ke7 46. Kb2 Kf7 47. Na3 Nxa3 48. Kxa3 Bd8 49. Kb3 Be7 50. Ra1 Kg6 51. Kc4 Rb8 52. Kb3 Rh8 53. Kc2 Kg7 54. Ra7 Rb8 55. Kd1 Kg6 56. Ke2 Bf8 57. Ra1 Bg7 58. f3 Rh8 59. Ra7 Rb8 60. Nf2 Bh6 61. Kf1 Nc7 62. Ng4 Nb5 63. Ra1 Bg7 64. Kg2 Rh8 65. f4 f5 66. Nxe5+ Bxe5 67. exf5+ Kxf5 68. fxe5 g4 69. Bf4 Ke6 70. Ra2 Nc3 71. Ra7 Rb8 72. Ra1 Rh8 73. Ra7 Rb8 74. Ra1 Rh8 1/2-1/2

[Event "Orense"]
[Site "Orense"]
[Date "1975.??.??"]
[Round "?"]
[White "Andersson, Ulf"]
[Black "Lombardy, William J"]
[Result "1-0"]
[WhiteElo "2565"]
[BlackElo "2515"]
[PlyCount "24"]
[EventDate "1975.??.??"]
[Source "www.chesslib.no"]
[SourceDate "2004.05.04"]

1. Nf3 d5 2. b3 Bf5 3. Bb2 e6 4. g3 h6 5. Bg2 Nf6 6. O-O Be7 7. d3 O-O 8. Nbd2 c6 9. c4 a5 10. a3 Bh7 11. Qc2 Nbd7 12. Rac1 Qb8 1-0

[Event "Mind Sports Games - Blitz Team"]
[Site "Pechino CINA"]
[Date "2008.10.13"]
[Round "7"]
[White "Ruck, R1."]
[Black "Moradiabadi, E."]
[Result "1-0"]
[WhiteElo "2574"]
[BlackElo "2499"]
[PlyCount "138"]
[EventDate "2008.10.13"]
[Source "www.chesslib.no"]
[SourceDate "2004.05.04"]

1. Nf3 Nf6 2. g3 d5 3. Bg2 c6 4. O-O Bf5 5. d3 e6 6. b3 h6 7. Bb2 Nbd7 8. c4 Be7 9. Nbd2 O-O 10. Qc2 Bh7 11. a3 a5 12. Bc3 a4 13. bxa4 dxc4 14. Nxc4 Nd5 15. Bd2 Nc5 16. a5 Nc7 17. Rab1 Ra7 18. Be3 Nd5 19. Bd4 f6 20. Rfc1 e5 21. Ncxe5 Rxa5 22. Nc4 Ra8 23. Bxc5 Bxc5 24. Rxb7 Re8 25. Rcb1 Bg6 26. Bh3 Re7 27. Rxe7 Qxe7 28. Nh4 Bh5 29. e3 Bf7 30. d4 Bxa3 31. Nxa3 Qxa3 32. Qxc6 Nxe3 33. fxe3 Qxe3+ 34. Kh1 Rd8 35. Bg2 Qxd4 36. Rf1 Bc4 37. Rc1 Bf7 38. h3 Qf2 39. Qf3 Qd2 40. Rg1 Bd5 41. Qf4 Qxf4 42. gxf4 Bxg2+ 43. Nxg2 Rd3 44. Kh2 Rd2 45. Ra1 g5 46. Kg3 h5 47. fxg5 fxg5 48. Ra5 Rd3+ 49. Kh2 g4 50. h4 Rh3+ 51. Kg1 Kg7 52. Rxh5 Kf6 53. Ra5 Rd3 54. Kh2 Rh3+ 55. Kg1 Rd3 56. Rg5 g3 57. Kf1 Ra3 58. Rg4 Kf5 59. Rf4+ Ke5 60. h5 Ra1+ 61. Ke2 Ra2+ 62. Kf3 Ra3+ 63. Kg4 Ra8 64. Kxg3 Rh8 65. Kh4 Rg8 66. Rf2 Rh8 67. Ne3 Rh7 68. Ng4+ Ke6 69. h6 Kd5 1-0

[Event "BL2-Sued 0001"]
[Site "Germany"]
[Date "2001.03.11"]
[Round "7.3"]
[White "Hickl, Joerg"]
[Black "Acs, Peter"]
[Result "0-1"]
[WhiteElo "2573"]
[BlackElo "2497"]
[PlyCount "90"]
[EventDate "2000.10.15"]
[Source "ChessBase"]
[SourceDate "2001.07.03"]

1. g3 d5 2. Bg2 Nf6 3. Nf3 c6 4. b3 Bg4 5. Bb2 e6 6. d3 Nbd7 7. O-O a5 8. a3 Bd6 9. Nbd2 O-O 10. c4 Re8 11. h3 Bh5 12. Qc2 Qe7 13. e4 dxe4 14. dxe4 Bxf3 15. Nxf3 e5 16. Rfd1 Red8 17. Rd2 Nc5 18. Re1 a4 19. b4 Nb3 20. Rd3 c5 21. b5 Nd4 22. Qd1 Bc7 23. Bc3 Qe6 24. Nd2 Nd7 25. Kh2 Ba5 26. Bxa5 Rxa5 27. h4 Nb6 28. Bh3 Qe7 29. Qg4 Raa8 30. Rc3 Nxb5 31. cxb5 Rxd2 32. Re2 Rad8 33. h5 h6 34. Kg2 c4 35. Qf3 Qc5 36. Bf5 R2d3 37. Re3 Rxe3 38. Rxe3 Qxb5 39. Rc3 Qc5 40. Rc2 Qd4 41. Rc1 Qd3 42. Qg4 Qd2 43. Rd1 c3 44. Be6 c2 45. Bxf7+ Kh8 0-1

[Event "DSV-Turnier"]
[Site "Berlin-Ost"]
[Date "1979.??.??"]
[Round "11"]
[White "Csom, Istvan"]
[Black "Smyslov, Vassily"]
[Result "1/2-1/2"]
[WhiteElo "2510"]
[BlackElo "2560"]
[PlyCount "26"]
[EventDate "1979.??.??"]
[Source "www.chesslib.no"]
[SourceDate "2004.05.04"]

1. Nf3 d5 2. b3 Nf6 3. Bb2 g6 4. c4 c6 5. e3 Bg7 6. Be2 O-O 7. O-O Bg4 8. h3 Bxf3 9. Bxf3 Nbd7 10. cxd5 cxd5 11. d4 e6 12. Nc3 a6 13. Qd3 Qe7 1/2-1/2

[Event "Leonardo di Bono 6th"]
[Site "Cutro"]
[Date "2000.05.07"]
[Round "11"]
[White "Miladinovic, Igor"]
[Black "Chatalbashev, Boris"]
[Result "1/2-1/2"]
[WhiteElo "2538"]
[BlackElo "2522"]
[PlyCount "29"]
[EventDate "2000.04.27"]
[Source "ChessBase"]
[SourceDate "2000.07.27"]

1. Nf3 d5 2. e3 Nf6 3. c4 c6 4. b3 e6 5. Bb2 Nbd7 6. Be2 Bd6 7. d4 O-O 8. O-O b6 9. Nc3 Bb7 10. Qc2 Rc8 11. Rad1 Qe7 12. e4 dxe4 13. Nxe4 Nxe4 14. Qxe4 Nf6 15. Qc2 1/2-1/2

[Event "Brocco"]
[Site "Brocco"]
[Date "1987.??.??"]
[Round "?"]
[White "Lobron, Eric"]
[Black "Van der Sterren, Paul"]
[Result "1-0"]
[WhiteElo "2540"]
[BlackElo "2520"]
[PlyCount "69"]
[EventDate "1987.??.??"]
[Source "www.chesslib.no"]
[SourceDate "2004.05.04"]

1. Nf3 Nf6 2. g3 d5 3. Bg2 c6 4. O-O Bf5 5. b3 e6 6. Bb2 Be7 7. d3 O-O 8. Nbd2 h6 9. c4 a5 10. a3 Nbd7 11. Rc1 Bh7 12. Rc2 Re8 13. Qa1 Bf8 14. Ne5 Nxe5 15. Bxe5 Nd7 16. Bb2 c5 17. Re1 Nb8 18. cxd5 exd5 19. e4 d4 20. a4 Nc6 21. Nc4 Rb8 22. Na3 Nb4 23. Rd2 f5 24. Qd1 Qd7 25. Nc4 b5 26. axb5 Qxb5 27. e5 Re6 28. Ba3 Kh8 29. Bxb4 axb4 30. Bd5 Ra6 31. e6 Be7 32. Ne5 Qe8 33. Qf3 g5 34. Nf7+ Kg7 35. Qh5 1-0

[Event "jub30-B corr9196"]
[Site "Finland"]
[Date "1991.??.??"]
[Round "?"]
[White "Redolfi, Rudolfo A"]
[Black "Zagorovsky, Vladimir P"]
[Result "1/2-1/2"]
[WhiteElo "2500"]
[BlackElo "2560"]
[PlyCount "24"]
[EventDate "1991.??.??"]
[Source "www.chesslib.no"]
[SourceDate "2004.05.04"]

1. Nf3 d5 2. c4 c6 3. b3 Bf5 4. g3 h6 5. Bg2 e6 6. Bb2 Nf6 7. O-O Be7 8. d3 O-O 9. Nbd2 a5 10. a3 Na6 11. Qc2 Bh7 12. Rfc1 Qb6 1/2-1/2

[Event "300 Years"]
[Site "St Petersburg"]
[Date "2003.10.20"]
[Round "3"]
[White "Savchenko, Boris"]
[Black "Riazantsev, Alexander"]
[Result "1/2-1/2"]
[WhiteElo "2488"]
[BlackElo "2572"]
[PlyCount "48"]
[EventDate "2003.10.18"]
[Source "Roberto Alvarez"]
[SourceDate "2003.10.27"]

1. b3 d5 2. Bb2 Nf6 3. Nf3 Bf5 4. c4 e6 5. g3 Be7 6. Bg2 O-O 7. O-O c6 8. d3 h6 9. Nbd2 Nbd7 10. Qc2 Bh7 11. a3 a5 12. Bc3 Re8 13. b4 axb4 14. axb4 dxc4 15. Nxc4 Nd5 16. Rxa8 Qxa8 17. Ra1 Qd8 18. Qb2 Nxc3 19. Qxc3 Nb6 20. Qb3 Nxc4 21. Qxc4 Qb6 22. Rb1 Rd8 23. b5 Rd5 24. Nd2 Rc5 1/2-1/2